000 01508cam a2200337 i 4500
003 SA-RiAUC
005 20250529042255.0
008 250522s2004 su g f000r0 ara c
040 _aSA-TaTUL
_bara
_cSA-RiAUC
_erda
082 0 4 _a213
_qSA-RiAUC
090 _a213
_bخ ض ي
100 1 _aالخضير، علي
_eمؤلف.
245 1 2 _aالمراجعات :
_b(إلا من شهد بالحق وهم يعلمون) /
_cعلي الخضير، ناصر الفهد، أحمد الخالدي.
264 1 _aالرياض :
_bوزارة الشؤون الإسلامية والأوقاف والدعوة والإرشاد،
_c2004
300 _a104 صفحة ؛
_c21 × 15 سم.
336 _aنص
_btxt
_2rdacontent
_3كتاب
337 _aبدون وسيط
_bn
_2rdamedia
338 _aمجلد
_bnc
_2rdacarrier
490 1 _aالسلسلة التوعوية ؛
_v1
650 7 _aالوعظ والإرشاد
_2aucsh
700 1 _aالفهد، ناصر
_eمؤلف.
700 1 _aخالدي، أحمد
_eمؤلف.
830 2 _aالسلسلة التوعوية
_v1
856 4 _uhttp://10.0.0.80:3030/File%20ARA/ARA/60000000034461.pdf
856 4 _uhttp://10.0.0.90/tabouk/1000100000190-1000100000191-1000100000192.pdf
856 4 _uhttp://10.0.0.90/Tabouk21/1000100020808.pdf
856 4 _uhttp://10.0.0.80:1108/01-01-2013/%D8%A7%D9%84%D9%85%D8%B1%D8%A7%D8%AC%D8%B9%D8%A7%D8%AA.pdf
856 4 _uhttp://10.0.0.80:4045/60000000034461.pdf
942 _2ddc
_cBOOK
_n0
949 _aSA-JeALM
_d250522
_umohamedma123
_n1
999 _c8425
_d8425